[Event "Moscow Aeroflot op-A 16th"]
[Site "Moscow"]
[Date "2017.02.23"]
[Round "3"]
[White "Predke, Alexandr"]
[Black "Adhiban, Baskaran"]
[Result "1-0"]
[WhiteElo "2574"]
[BlackElo "2683"]
[Annotator "Adhiban,B"]
[PlyCount "141"]
[EventDate "2017.02.21"]
[EventType "swiss"]
[EventRounds "9"]
[EventCountry "RUS"]
[SourceTitle "CBM 178"]
[Source "ChessBase"]
[SourceDate "2017.05.14"]
[SourceVersion "1"]
[SourceVersionDate "2017.05.14"]
[SourceQuality "1"]

{This game was the beginning of my nightmare!} 1. e4 c5 2. Nf3 Nc6 3. Nc3 ({
Last time my opponent allowed} 3. d4 cxd4 4. Nxd4 e5 {The Kalashnikov! And
this time he was in no mood to allow it again :).}) 3... g6 4. d4 cxd4 5. Nxd4
Bg7 6. Be3 Nf6 7. Bc4 Qa5 $5 ({Another major branch is} 7... O-O 8. Bb3 d6 (
8... Ng4 9. Qxg4 Nxd4 10. Qd1 $1 {is known to be better for White.}) (8... b6
9. f3 Bb7 10. Qd2) (8... Na5 $6 9. e5 Ne8 10. Bxf7+ $1 {would lead to the
famous (Fischer-Reshevsky 1958)}) (8... a5 9. O-O Nxd4 (9... a4 10. Nxa4 Nxe4
11. Nb5 Ra6 12. c4) 10. Bxd4 d6 11. a4 Be6 12. Bxe6 fxe6 13. e5) 9. f3 Bd7 (
9... Na5 10. Qd2 a6 11. O-O-O b5 12. h4) 10. Qd2 Nxd4 11. Bxd4 b5 12. a4 b4 13.
Nd5 Nxd5 14. exd5 {with a complex game.}) (7... d6 8. f3 {will most likely
transpose to the other lines.}) 8. O-O O-O 9. Nb3 {One of the critical tries
for White.} Qc7 10. Re1 (10. Bg5 a6 11. Be2 {is the mainline.}) 10... a6 $6 {
I was making preparations for Bg5...which wasn't totally needed at all :).} ({
One option I was considering but wasn't fully satisfied with was} 10... Ne5 11.
Be2 d6 12. Bg5 $5 Be6 13. Nd4) ({The normal way to continue would be} 10... d6)
11. Bf1 d6 12. Nd5 Nxd5 13. exd5 Ne5 14. Bd4 b5 15. a4 (15. f4 Ng4 {is nice
for Black.}) 15... bxa4 $6 (15... Bf5 $5 {An important move to provoke c3.} 16.
c3 bxa4 17. Rxa4 Rfb8 18. c4 ({My main concern was} 18. Bxa6 Bg4 $1 19. Qc2 {
I didn't see how to continue here and hence felt the variation did not suit me
but I had to see just one more move!} Bf3 $1 $17 {A stunning idea which tips
the balance in Black's favour.}) 18... Bd7 19. Ra1 a5 {with a decent position
for Black.}) ({Also very interesting was} 15... Bd7 $5 16. axb5 (16. f4 bxa4 $1
$15) 16... axb5 17. Rxa8 Rxa8 18. f4 Ng4 19. Rxe7 {I stopped here prematurely..
.} Qd8 $1 20. Re2 (20. Qe1 Nf6 $1 $132) 20... Bxd4+ 21. Nxd4 Nf6 {with
sufficient compensation for the pawn.}) 16. Rxa4 Rb8 17. Qd2 {Only now I
realised that White can do without c3 :)! Too little too late!} Re8 18. Bc3 $1
{A stable square for the bishop: it completely neutralises any future pressure
on the b- & c-files.} Qb6 (18... Bd7 19. Rxa6 Bb5 20. Bxb5 Rxb5 {was very
tempting but I felt it shouldn't be sufficient.}) 19. Rea1 Ra8 {What else?} 20.
Rb4 (20. h3 $16 {was good.}) 20... Qc7 21. Bd4 e6 $1 {Finally getting some
counterplay.} 22. f4 $6 {Throws away the advantage.} (22. dxe6 Bxe6 23. Rba4
$16) 22... Ng4 {Now the dark squares and the central fight compensate for the
weak pawn structure.} 23. dxe6 fxe6 ({The simplest was} 23... Bxe6 {with a
equal game.}) 24. Bxg7 Kxg7 25. Rc4 (25. Be2 $142 $14) 25... Qa7+ 26. Qd4+ e5
27. fxe5 dxe5 28. Qxa7+ Rxa7 29. Be2 Ne3 $1 30. Rc3 Nd5 31. Rc5 Nf4 32. Bc4 e4
$2 (32... Bf5 $1 {was my first intention and I should have stuck with it.} 33.
Rxa6 Rae7 $1 $44) 33. Rf1 Nh5 34. Nd4 e3 35. Rc6 $1 Rae7 36. Bxa6 (36. c3 $1
$16 {A sexy move preventing the future threats.}) 36... Rd8 37. Nf3 (37. c3
Bxa6 38. Rxa6 e2 39. Re1 Nf4 40. Ra4 $1 Nd3 41. Rxe2 Rxe2 42. Nxe2 Re8 43. Kf1
Rf8+ 44. Kg1 Re8 45. Rd4 Rxe2 46. Rxd3 Rxb2 {with a theoretical draw.}) 37...
Bxa6 $2 {After this, there is no come back!} (37... Bg4 $1 {I felt the bishop
exchange would strengthen the e-pawn...but I was wrong. It was more important
to get rid of the knight which would allow the rook penetration on d2. Now
White has to a bit careful to equalise :).}) 38. Rxa6 Nf4 39. Re1 $1 Rb8 {
I tried to cook up some trouble, but White's position is too solid.} 40. g3 $1
Nd5 41. Rd6 Nf6 42. b3 Rc8 43. Re2 (43. Nd4 {was slightly stronger.}) 43... Rc3
44. Nd4 Ng4 45. Kg2 Nf6 46. Re6 Rd7 47. Nb5 Rc5 48. c4 Ng4 {Last ditch attempt.
..} 49. h3 Rd2 50. Nc3 Re5 51. Rxd2 exd2 52. Rxe5 Nxe5 53. Kf2 Nc6 54. c5 Nd4 (
54... Kf6 $1 {would have offered more chances of survival.} 55. Ne4+ Ke5 56.
Nxd2 Kd4 57. Kf3 Kxc5 58. Kf4 {is still lost though.}) 55. b4 Kf7 56. Ke3 Nc2+
57. Kxd2 Nxb4 58. Ke3 Ke6 59. Ke4 $1 {The fact that knight endgames are very
similar to pawn endgames holds true here. It is important to gain the
opposition.} (59. Kd4 Nc6+ 60. Kc4 Ke5 61. Kb5 Ne7 62. c6 Kd4 {was my idea.})
59... Na6 (59... Nc6 60. Ne2 $1) 60. Kd4 Nc7 61. Ne2 $1 Kf5 62. c6 Ke6 63. Kc5
Ke5 64. Nc3 g5 65. Kb6 Ne8 66. c7 Nd6 67. Nb5 Nc8+ 68. Kb7 Ne7 69. g4 Ke6 70.
Na7 Kd6 71. Nc8+ {An interesting game with lots of twists and ideas!} 1-0

[Event "Linares 16th"]
[Site "Linares"]
[Date "1999.03.07"]
[Round "12"]
[White "Svidler, Peter"]
[Black "Topalov, Veselin"]
[Result "0-1"]
[WhiteElo "2713"]
[BlackElo "2700"]
[Annotator "Alterman,B"]
[PlyCount "72"]
[EventDate "1999.02.21"]
[EventType "tourn"]
[EventRounds "14"]
[EventCountry "ESP"]
[EventCategory "20"]
[SourceTitle "CBM 070"]
[Source "ChessBase"]
[SourceDate "1999.06.08"]
[SourceVersion "1"]
[SourceVersionDate "1999.06.08"]
[SourceQuality "1"]

1. e4 c5 2. Nc3 g6 3. Nf3 Bg7 4. d4 cxd4 5. Nxd4 Nc6 6. Be3 Nf6 7. Bc4 O-O 8.
Bb3 a5 9. O-O (9. h4 a4 10. Bd5 a3 11. b3 Ng4 12. Bxc6 dxc6 13. Nde2 Nxe3 14.
fxe3 Qa5 $19) (9. h3 d5 10. Bxd5 Nxd5 11. exd5 Nb4 12. Nde2 Bf5 13. Rc1 Rc8 14.
O-O b5 15. Nd4 Bxd4 16. Qxd4 Nxc2 17. Rxc2 Bxc2 18. Bh6 e5 19. Qxe5 f6 20. Qd4
$44 {1/2-1/2 Romero Holmes,A-Frois,A/La Coruna TH op 1995 (29)}) 9... a4 (9...
Ng4 10. Qxg4 Nxd4 11. Qh4 Nxb3 12. axb3 Ra6 13. Bh6 Re6 $11 {1-0 Luecke,
N-Heinatz,T/BL 1993 (41)}) 10. Nxa4 (10. Nxc6 bxc6 11. Nxa4 Nxe4 12. f3 Nf6 13.
Bb6 Qe8 14. Re1 d6 15. Bf2 c5 16. Nb6 Ra7 17. a4 Bb7 18. c3 Qd8 19. a5 Bc6 20.
Qe2 Re8 21. Ra3 e5 22. Ba4 Bxa4 23. Rxa4 e4 24. fxe4 d5 25. Qd1 d4 26. e5 Nd7
27. cxd4 Nxb6 28. axb6 Rd7 29. Ra7 cxd4 30. Rxd7 Qxd7 31. Qxd4 {1-0
Shchekachev,A-Pigusov,E/Open, Bourbon Lancy FRA 1997 (58)}) (10. Bxa4 Nxe4 11.
Nxe4 Rxa4 12. c3 Ra8 (12... Ra5 13. Nxc6 bxc6 14. Qb3 Rb5 15. Qc2 d5 $15 {
1/2-1/2 Gallinnis,N-Guempges,x/corr 1981 (53)}) 13. Ng3 d5 14. f4 e6 15. Re1 f6
16. Nf3 e5 17. Qb3 Na5 18. Qb5 Nc4 19. Bc5 Ra5 20. Qb4 Rf7 21. Rad1 Qc7 22.
Rxd5 Be6 23. Bb6 Bf8 24. Bxc7 Bxb4 25. Rd8+ {1-0 Baranyai,A-Toth,S/Providencia
Open, Debrecen HUN 1997}) 10... Nxe4 11. Nb5 (11. Nxc6 bxc6 12. Nb6 (12. Bb6
Qe8 13. f3 Ng5 (13... Nf6 14. Bf2 Ba6 15. Re1 d6 16. c4 c5 17. Nc3 Qd8 18. Qe2
Ra7 19. a4 Qb8 20. Nb5 Rd7 21. Rad1 Rc8 22. Kh1 Nh5 23. Bc2 Nf4 24. Qd2 Ne6 25.
Be4 Nd4 26. b4 e5 27. Nxd4 cxd4 28. b5 Bb7 29. a5 $16 {1-0 David,A-Abolianin,A/
Lost Boys Open, Antwerp BEL 1998 (39)}) 14. c3 d6 15. Be3 Ne6 16. Nb6 Rb8 17.
a4 Nc7 18. a5 Be6 19. Ba4 Na8 20. Re1 Nxb6 21. Bxb6 Rxb6 22. axb6 Qb8 23. Kh1
Qxb6 24. Qd2 $14 {1-0 David,A-Taleb,M/Montpellier 1998 (35)}) 12... Rb8 13.
Nxc8 Qxc8 14. f3 (14. c3 d5 15. f3 Nd6 16. Re1 Re8 17. Ba7 Rb7 18. Bc5 Rd7 19.
a4 Qb8 20. a5 Qb5 21. Bf2 Ra8 22. Ba4 Qa6 23. Bc2 Qb7 24. Ra2 e5 25. Bd3 Nb5
26. Qa1 Rdd8 27. a6 Qd7 28. Bxb5 cxb5 29. a7 d4 30. Rd1 Qc6 31. Ra6 Qc4 32.
cxd4 $13 {0-1 Nykopp,J-Keskisarja,T/FIN-chT 1994/EXT 97 (39)}) 14... Nf6 15.
Re1 (15. Qe2 Qc7 16. Rad1 Rfe8 17. Rfe1 d6 18. Kh1 e5 19. Bg5 d5 20. Qf2 Nd7
21. c3 f5 22. Bc1 Kh8 23. Qh4 Nc5 24. Bc2 Ne6 25. g4 Qf7 26. gxf5 gxf5 27. Rg1
Rg8 28. Qh3 Rbf8 29. a4 e4 30. fxe4 fxe4 31. Rdf1 $14 {1-0 Mokry,K-Antunes,A/
EUCup Gr2 Strasbourg 1994/EXP 43 (44)}) 15... d6 16. a4 c5 17. a5 c4 18. Ba4
Qa6 19. Bb6 Rxb6 20. axb6 Qxb6+ 21. Kh1 Qxb2 22. Rb1 Qa3 23. Bb5 d5 24. Qd4 Qd6
25. Rbd1 Rb8 26. Rb1 Ne4 27. Qa7 Nc3 28. Rxe7 Nxb5 29. Qe3 Bf8 30. Re5 Na3 31.
Rxb8 Qxb8 32. Rxd5 $17 {0-1 Garcia,G-Turner,M/Lloyds Bank op 1994/EXP 43 (47)})
11... Ra6 (11... d6 12. Qe2 (12. Bb6 Qd7 13. Nc7 Rb8 14. Re1 Nf6 15. Qd2 Ne8
16. Nd5 e6 17. Ne3 d5 18. Rad1 Nc7 19. Nc5 Qd6 20. Ne4 Qf4 21. Nc5 Na8 22. Nd3
Qh6 23. Bc5 Rd8 24. c3 b6 25. Bb4 $17 {Voicu,C-Andreeva,N/EU-chJW U16 Rimavska
Sobota 1996/EXT 96ch2/0-1 (53)}) 12... Nf6 13. Rad1 Bf5 14. c4 Ng4 15. Bc1 Qb8
16. h3 Nf6 17. Be3 Nd7 18. f4 Na5 19. g4 Nxb3 20. axb3 Be4 21. Ba7 Rxa7 22.
Qxe4 Ra6 23. Qxe7 Nc5 24. Nxc5 dxc5 25. Qxc5 Bxb2 26. Rd2 Bg7 27. Rd7 Ra2 28.
Qd5 Qe8 29. Qd3 Re2 30. Nc7 $16 {1-0 Theissen,H-Fabisch,C/Dortmund op-A 1993/
TD 93\06 (58)}) (11... Rxa4 12. Bxa4 Bxb2 13. Rb1 Bg7 14. f3 Qa5 15. Bb3 Nc3
16. Nxc3 Qxc3 17. Qe1 d6 18. Qxc3 Bxc3 19. Rfd1 Bd7 20. Ba4 Ra8 21. Rxb7 Rxa4
22. Rxd7 Rxa2 23. Rc7 Ra6 24. Rb1 Bf6 25. Bh6 $16 {1-0 Bologan,V-Katz,F/
Corsican Open, Bastia FRA 1998 (42)}) 12. Qe2 (12. Re1 d6 $11) (12. Qd3 d5 13.
f3 Nf6 14. Nc5 Ra8 15. Rfd1 e6 $11) 12... d6 13. c4 (13. Rad1 Bd7 $132) 13...
Nf6 $1 (13... f5 $2 $16 14. Bb6 $1 Qd7 (14... Rxb6 $2 15. Nxb6 Qxb6 16. c5+ $18
) 15. f3 (15. c5+ Kh8 16. Rad1 $16) (15. Rad1 Na5 16. Bc2 $14) 15... Nf6 $2 (
15... Ng5 16. Rad1 Ne6 $1 17. c5 Kh8 18. cxd6 exd6 19. Rf2 d5 20. Nc5 Nxc5 21.
Bxc5 Re8 22. Qf1 Ne7 23. Rc2 $16) 16. Rad1 $22 $18 {1-0 Rogic,D-Sale,S/
CRO-ch06 Pula 1998/CBM 64/[Tsesarsky] (20)}) 14. Rfd1 (14. Rad1 Bg4 15. f3 Bd7
16. c5 Na5 17. Bc2 d5 $11) 14... Bd7 15. Nac3 Qb8 16. h3 {Position not so easy
to play for black.Topalov first of all need to find some plan to open the
center , but in such position it's very difficalt.} Rc8 17. a3 Ne5 18. Rac1
Bxb5 {Probably black should to exchange some peaces because space problem, but
now white has two bishops and clear plan to attack on the Qeen side.} 19. cxb5
(19. Nxb5 $14) 19... Ra8 20. b6 (20. Bd4 e6 21. a4 Ned7 $14) 20... Rc6 21. Nb5
Qd8 22. Nc7 Rb8 23. Qb5 Rxc1 24. Rxc1 $6 (24. Bxc1 $1 Qd7 25. Qxd7 Nfxd7 26.
Be3 {Still better for white}) 24... e6 $1 25. a4 d5 26. a5 Ne4 $1 {[%mdl 2048]
Finally black gets strong contrplay.} 27. Rd1 (27. Bc2 Nd6 28. Qc5 Ndc4 $36)
27... Nd6 28. Qc5 Nf5 29. Bc1 Bf8 30. Qc2 Nc6 (30... Qh4 $1 31. Qe2 Nc6 32. Bd2
Bc5 $17 {[%cal Rc5f2,Gf5d4,Gc6d4,Gc6a5]}) 31. Bd2 Bd6 32. Ba4 Nb4 33. Qb3 Nd4
34. Qe3 Nf5 35. Qb3 Qh4 36. Rc1 $4 {[%mdl 8192]} (36. Re1 Bc5 $17) 36... Nd4
0-1

[Event "Pamplona 9899 9th"]
[Site "Pamplona"]
[Date "1998.12.28"]
[Round "2"]
[White "De la Riva Aguado, Oscar"]
[Black "Van Wely, Loek"]
[Result "1/2-1/2"]
[WhiteElo "2510"]
[BlackElo "2635"]
[Annotator "Alterman,B"]
[PlyCount "72"]
[EventDate "1998.12.27"]
[EventType "tourn"]
[EventRounds "9"]
[EventCountry "ESP"]
[EventCategory "13"]
[SourceTitle "CBM 069"]
[Source "ChessBase"]
[SourceDate "1999.04.01"]
[SourceVersion "1"]
[SourceVersionDate "1999.04.01"]
[SourceQuality "1"]

1. e4 c5 2. Nf3 Nc6 3. Nc3 g6 4. d4 cxd4 5. Nxd4 Bg7 6. Be3 Nf6 7. Bc4 O-O 8.
Bb3 a5 9. a4 Ng4 10. Qxg4 Nxd4 11. Qh4 {><e7} Nxb3 (11... d6 12. Nd5 $1) (11...
Ra6 12. O-O d6 13. Nd5 e6 14. Qxd8 Rxd8 15. Bg5 Rf8 16. Ne7+ Kh8 17. Bc4 Rb6
18. c3 Nc6 19. Nxc8 Rxc8 20. Bb5 $1 {/\ Be3+/=}) 12. cxb3 Ra6 13. Nd5 (13. O-O
d6 (13... Bf6 14. Qg3 d6 15. f4 Be6 16. Ra3 Kh8 17. f5 gxf5 18. exf5 Bd7 19.
Qf4 Be5 20. Qh4 Bc6 21. Ne4 f6 22. Rf2 Bxe4 23. Qxe4 d5 24. Qf3 {0-1 Hon,
A-Quinn,M/Hastings Challengers9596 1995/EXP 50 (32)}) 14. Nd5 (14. Bg5 f6 15.
Be3 Be6 16. Nd5 Bf7 17. Rac1 Rc6 18. Bd4 Kh8 19. Rc3 Rxc3 20. bxc3 Qd7 21. c4
Bg8 {1-0 Apicella,M-Sakhatova,E/Cappelle op 1995/EXT 95op2 (35)}) 14... Re8 (
14... Bxb2 $2 15. Nxe7+ Kh8 16. Rad1 $16) (14... e6 15. Qxd8 Rxd8 16. Bg5 exd5
17. Bxd8 dxe4 18. Rac1 Be6 19. Rc7 Ra7 20. Be7 Be5 21. Re1 f5 22. Bg5 Bxb3 23.
Rec1 Ra8 24. Rxb7 Bxa4 25. Rcc7 d5 26. Re7 Re8 27. Rxe8+ Bxe8 28. Re7 {1-0
Szalanczy,E-Koerholz,L/Budapest FS04 GM 1993/EXP 36}) 15. b4 (15. Rac1 Rc6 16.
Bg5 f6 17. Be3 $1 $14 (17. Bd2 $6 Be6 18. Bc3 Bxd5 19. exd5 Rc5 20. Rfe1 $1)
17... Bd7 $6 (17... Be6 {>=}) 18. Rfd1 Rf8 19. f3 Be6 20. Qf2 f5 21. Qd2 fxe4
22. fxe4 Rf7 23. Rf1 Qc8 (23... Rxc1) 24. Qxa5 Bxb2 25. Rcd1 $1 {1-0 Ilijin,
N-Kaidanov,G/Bled 1989/Inf 47/[Ilijin,N] (42)}) (15. Bg5 f6 16. Be3 Be6 17.
Rac1 Rc6 18. f3 Qd7 19. Qf2 Bxd5 20. exd5 Rxc1 21. Rxc1 b5 22. Qc2 f5 (22...
Qb7 23. Qc6 Rb8 24. b4 bxa4 25. bxa5 f5 26. Qxb7 Rxb7 27. a6 Rb8 28. a7 {
1-0 Balzar,A-Drill,F/OLO-C 1995/GER 11 (32)}) 23. Qc6 Qxc6 24. dxc6 bxa4 25. c7
Rc8 26. bxa4 Kf7 27. b3 Bb2 28. Rc4 Ba3 29. Bb6 Bb4 30. g4 fxg4 31. fxg4 d5 32.
Rd4 Ke6 33. g5 Bd6 34. Rh4 {1/2-1/2 Egger,J-Silva,S/Santiago Santiago de Chile
1993/EXT 97 (43)}) 15... axb4 16. a5 (16. Nxb4 Bxb2 17. Nxa6 Bxa1 18. Rxa1 bxa6
19. f3 Qa5 20. Qe1 Qxe1+ 21. Rxe1 Bd7 22. a5 Rc8 23. Rc1 f5 24. Rxc8+ Bxc8 25.
Bg5 {1/2-1/2 Hernandez,G-Alvarez,J/Carlos Torre mem, Merida MEX 1997 (34)})
16... Rc6 17. Nxb4 Rc4 18. Nd5 Be6 19. Bb6 Qd7 20. Ne3 Bxb2 21. Nxc4 Bxc4 22.
Rfd1 Bxa1 23. Rxa1 Rc8 24. Qf4 f6 25. h4 Be6 26. Ra3 Qb5 27. Ra1 Rc4 28. Re1 {
Borkowski,F-Pokojowczyk,J/Polanica Zdroj 1979/MCD-r7/0-1 (60)}) (13. Rc1 Re6
14. Nd5 Bf6 15. Nxf6+ exf6 16. O-O d5 17. exd5 Qxd5 18. Rc4 b6 19. Qd4 {
1/2-1/2 Pedzich,D-Kuczynski,R/Katowice op 1992/TD 92\04}) (13. Rd1 d6 14. Nd5
Re8 15. Bd4 Bxd4 16. Rxd4 Kg7 17. O-O e6 18. Qxd8 Rxd8 19. Nc7 Rc6 20. Nb5 e5
21. Rd3 Be6 22. Rfd1 d5 23. f4 Bg4 24. R1d2 exf4 25. h3 Be6 26. exd5 Rc1+ 27.
Kf2 Bf5 28. Rc3 Ra1 29. Rc7 Rd7 30. Rxd7 Bxd7 31. Nd6 b6 32. Nc4 Bc8 33. d6 {
1-0 Ristic,N-Koerholz,L/BL2-SW 1990/BL2}) 13... Re6 14. O-O (14. f3 f5 15. O-O
b6 16. Qf2 Ba6 17. Rfd1 fxe4 18. f4 Bd3 19. Nxb6 d5 20. Bc5 Rff6 21. b4 Rxb6
22. bxa5 Rb3 23. Bb6 Qb8 24. Qc5 Qd6 25. Rac1 Rxb2 {0-1 Barthel,B-Naumann,F/
Krumbach op 1991/TD 91\04}) 14... b6 (14... Bxb2 15. Rab1 (15. Rad1 $44) 15...
Bg7 16. b4 $44) 15. Rfd1 Bb7 $6 (15... Bxb2 $1 16. Ra2 Bg7 17. Rc2 (17. Rad2
Bb7 18. Nf4 Rxe4 19. Rxd7 Qb8) 17... Bb7 18. Rdc1 f5) 16. Rd2 f5 17. exf5 gxf5
(17... Rxf5 18. Bxb6 Qf8 (18... Rxb6 19. Nxe7+ Kf7 20. Nxf5 $18) 19. Qc4 Qf7
20. Be3 $1 d6 $14 (20... Rxd5 21. Rxd5 Rxe3 22. Rb5 $18)) 18. Rad1 $1 $16 {
[%cal Gd2d7,Ye3b6,Yd5b6]} Bxd5 19. Rxd5 Qc8 20. g3 (20. Rxd7 $4 f4 $1 21. Qh3 (
21. Bxf4 Qxd7) 21... Rh6 $19) 20... Re4 21. Qh5 d6 (21... Qc2 22. Rb5 d6 23.
Bxb6 $16) 22. Bxb6 Rb4 23. Bxa5 Rxb3 24. Bc3 $5 $32 (24. Qg5 $1 Qe6 25. Bc3 $16
) 24... Bxc3 25. bxc3 Rf6 26. Qe2 Kf8 27. c4 Rc3 28. Re1 Rf7 29. Rd4 $18 Qc5
30. Rh4 Qb4 31. Qe6 Qxa4 32. c5 Qa3 33. Qh6+ $2 (33. Qc8+ Kg7 34. Qe8 Qb3 35.
Rxe7 Rc1+ 36. Kg2 Qd5+ 37. Kh3 $18) 33... Kg8 34. Qg5+ Kf8 35. Qh6+ Kg8 36.
Qg5+ Kf8 1/2-1/2

[Event "Hoogovens"]
[Site "Wijk aan Zee"]
[Date "1999.01.29"]
[Round "11"]
[White "Anand, Viswanathan"]
[Black "Van Wely, Loek"]
[Result "1-0"]
[WhiteElo "2784"]
[BlackElo "2636"]
[Annotator "Alterman,B"]
[PlyCount "119"]
[EventDate "1999.01.16"]
[EventType "tourn"]
[EventRounds "13"]
[EventCountry "NED"]
[EventCategory "17"]
[SourceTitle "CBM 069"]
[Source "ChessBase"]
[SourceDate "1999.04.01"]
[SourceVersion "1"]
[SourceVersionDate "1999.04.01"]
[SourceQuality "1"]

{[%mdl 2096]} 1. e4 c5 2. Nc3 Nc6 3. Nf3 g6 4. d4 cxd4 5. Nxd4 Bg7 6. Be3 Nf6
7. Bc4 Qa5 $6 8. O-O O-O 9. Nb3 $1 Qc7 10. Bg5 $5 (10. Be2 d6 11. f4 a6 12. g4
(12. Kh1 b5) (12. a4 b6 13. g4) 12... b5 13. g5 Nd7 $132) (10. h3 d6 11. f4 Na5
12. Nxa5 Qxa5 13. Bb3 Bd7 14. Qf3 Rac8 15. Rad1 Bc6 16. Nd5 Nxd5 17. exd5 Bb5 {
0-1 Song Daoxin-Wang Zili/PRC-ch 1987/EXT 87ch (26)}) (10. Bd3 d6 11. h3 e5 12.
f4 a6 13. fxe5 dxe5 14. Rxf6 Bxf6 15. Nd5 Qd6 16. Bc5 Qd8 17. Bb6 Qd6 18. Bc7 {
1-0 Gutierrez,J-Idrovo,F/Quito 1975/MCD-r7}) 10... a6 (10... a5 11. a3 (11. a4
Nb4 12. Be2 Rd8 13. Nd4 Qe5 14. Nf3 Qe6 15. e5 Ng4 16. Nb5 Bxe5 17. h3 Nf6 18.
Re1 Nc6 19. Bf1 Ne8 20. Nxe5 Nxe5 21. Bh4 {1-0 Kuzmin,G-Kapengut,A/URS-ch40
Baku 1972/URS-ch (39)}) 11... a4 12. Nd2 Qa5 13. Nd5 d6 14. c3 Re8 15. Nxf6+ {
+/- Kupreichik,V-Veremeichik,V/USSR 1976/Inf 22}) (10... Qd8 11. f4 b5 12. Bd3
b4 13. Nd5 Nxd5 14. exd5 Nd4 15. Nxd4 Bxd4+ 16. Kh1 Bxb2 17. Rb1 Bc3 18. d6 f6
19. Bh6 Rf7 20. Qg4 Bb7 21. f5 {0-1 Kucypera,A-Polovnikova,E/WchJW U20 Zagan
1997/EXP 59 (37)}) (10... b6 11. f4 Na5 12. Bd5 Nxb3 13. axb3 Nxd5 14. Nxd5
Qc5+ 15. Kh1 f6 16. b4 Qd6 17. e5 Qe6 18. exf6 exf6 19. Re1 Qf7 20. Re7 fxg5
21. Rxf7 Rxf7 22. Nxb6 Rb8 23. Nxc8 Rxc8 24. c3 {1-0 Kupreichik,V-Privara,I/
Stary Smokovec 1975/MCD-r7 (29)}) 11. Be2 (11. Bxf6 Bxf6 12. Nd5 Qe5 13. Nxf6+
exf6 14. c3 Qxe4 15. Bd5 Qe7 16. Re1 Qd8 17. Qd2 f5 18. Rad1 Qf6 19. Qf4 Kg7
20. a4 g5 21. Qc7 Qd8 22. Qd6 Qf6 23. Qc7 Qd8 24. Qd6 Qf6 25. Qa3 {Macieja,
B-Kolev,A/ol (men), Elista RUS 1998/1/2-1/2 (75)}) (11. a4 $5 Nb4 12. Be2 (12.
Qe2 d6 13. a5 Ng4 14. f4 b5 15. axb6 Qxb6+ 16. Kh1 Ne3 17. Bxe7 Bg4 {0-1
Busquets,L-Davies,N/New York op 1991/CBM 23}) 12... d6 13. a5 Bd7 14. Qd2 b5
15. axb6 Qxb6 16. e5 dxe5 17. Bxf6 Bxf6 18. Qxd7 Nxc2 19. Rac1 Qxb3 20. Bd1
Rad8 21. Bxc2 Qxb2 22. Qh3 Bg5 23. Na4 Qxc1 24. Rxc1 {Tate,E-Horvath,A/FSGM
Dec, Budapest HUN 1997/1-0 (100)}) (11. f4 b5 12. Bd3 d6 13. Kh1 Qb7 14. Qe1
Be6 15. Qh4 b4 16. Ne2 a5 17. Rae1 Qb6 18. Rf3 a4 19. Nd2 Nd4 20. Nxd4 Qxd4 21.
f5 Bxa2 22. Rh3 h5 23. Nf3 {1-0 Busquets,L-Mont Reynaud,J/Hawaii op 1994/EXT
94op (31)}) 11... e6 12. Qd2 (12. Be3 b5 13. Bc5 Rd8 14. Bd6 Qb6 15. Bc5 Qc7
16. Bd6 Qb6 17. Bf3 Ne8 18. Bf4 d6 19. Qe2 Ne5 20. Rfd1 Bb7 21. a4 Nxf3+ 22.
gxf3 {1/2-1/2 Porubszky Angyalosine,M-Heintze,M/Halle-W 1974/EXT 97 (48)})
12... b5 13. a3 Rb8 (13... Rd8 14. Rad1 d6 $6 15. Qf4 Qe7 16. Qh4 $16) 14. Rfd1
b4 15. axb4 Nxb4 16. Bf4 e5 17. Bg5 $14 d6 18. Na5 Be6 19. b3 h6 20. Bxf6 Bxf6
21. Bc4 Bg5 22. Qe2 Bc8 (22... h5 23. h3 Kg7 24. Nd5 Nxd5 25. exd5 Bf5 26. Nc6
$16) 23. Nd5 Nxd5 24. Bxd5 Rb5 25. Nc4 Kg7 26. Nb2 f5 27. Bc4 Rc5 28. Na4 Rc6
29. Nc3 $16 Qa7 (29... fxe4 30. Nxe4 Bh4 31. f3 $16) 30. Kh1 Bh4 31. f3 Qf2 32.
Qd3 $1 (32. Qxf2 $2 Bxf2 $11) 32... Bg5 33. exf5 gxf5 34. Nd5 {As we can see
the type of position changed from the Dragon to the Sveshnikov variation, and
white still has an advantage, because it's not so easy to find compensation
for the weak pawns a6 and d6 and the nice placed knight on d5.} f4 (34... e4 $6
35. fxe4 fxe4 36. Qxe4 Bf5 37. Qd4+ Qxd4 38. Rxd4 Bxc2 $2 39. Nb4 $18) (34...
Qc5 35. c3 Be6 $16) 35. Rd2 Qc5 36. Qe2 Be6 37. Rdd1 a5 (37... Bxd5 38. Rxd5
$18) 38. Rd2 Bf7 39. Qd1 Rd8 40. Ra4 $1 {[%cal Yd5c3,Yc3e4] Black has no
conterplay. Anand planed to exchange bishop c4 against bishop f7 and attack
the pawn on d6.} Rcc8 41. Nc3 Bg6 42. Rd5 Qe3 43. Ne2 Bf7 44. Rd3 Qb6 45. Bxf7
Kxf7 46. Nc3 $18 {From now it's not so difficult to see that white's position
is absolutely winning. Next come Ne4, c4 and Rd5.} Be7 47. Ne4 Rg8 48. c4 Rg6
49. Ra2 Qb4 50. Ra4 Qb6 51. Rd5 Rcg8 52. Ra2 a4 53. bxa4 Qc6 54. c5 dxc5 55.
Rxe5 Rd8 56. Qc1 c4 57. h3 Ke8 58. Re2 Rd7 59. Nc5 Rc7 60. Qxc4 1-0